000 01314cab a2200313 4500
001 X126571
008 040623n2004 000 0 eng u
035 _a(Sirsi) u126571
100 _aSteeds, J.
245 _aContaminated land
260 _c2004
490 _aWastes Management
_vJune 2004, 32-39(7)
520 _aThree articles on contaminated land. The first, "A call for action", explains that brownfield site developers will have to employ alternative remediation of contaminated soil other than excavating it and disposing of it in landfill sites. "An inspector called" looks at landfill, inert waste and the duty of care owed by the waste management industry. The final article, "The ripple effect" examines the repercussions around the world of the EU standards for international waste regulations.
590 _aABS
650 _aCONTAMINATED LAND
650 _aCONTAMINATION REMEDIATION
650 _aBROWNFIELD SITES
650 _aBROWNFIELD DEVELOPMENT
650 _aLANDFILL SITES
650 _aHAZARDOUS WASTE
650 _aWASTE INDUSTRY
650 _aDUTY OF CARE
650 _aWASTE REGULATIONS
650 _aDIRECTIVE 02/96/EC
690 _aENVIRONMENTAL AND LAND CONSULTANCY-WASTE MANAGEMENT
700 _aCharlesworth, P.
700 _aMargetson, G.
942 _n0
999 _c74437
_d74437